| 000 | 01104nmc a2200397 a 4500 | ||
|---|---|---|---|
| 003 | AR-BaBNM | ||
| 005 | 20251128205250.0 | ||
| 008 | 011101s1991 ||||||||||||||000 | spa|| | ||
| 020 | _a84-7731-070-X | ||
| 040 | _cAR-BaBNM | ||
| 100 | 1 | _aAlvarez-Uria, Fernando | |
| 245 | 1 | 0 | _aArqueología de la escuela |
| 260 |
_aMadrid _bLas ediciones de La Piqueta _c1991 |
||
| 300 | 0 |
_a304 p. _bil. |
|
| 490 | 0 |
_aGenealogía del poder _vv. 20 |
|
| 500 | 0 | _aContiene referencias bibliográficas en notas a pie de página | |
| 650 | 4 | _aHISTORIA DE LA EDUCACION | |
| 650 | 4 | _aSIGLO DIECISIETE | |
| 650 | 4 | _aSIGLO DIECINUEVE | |
| 650 | 4 | _aINFANCIA | |
| 650 | 4 | _aEDUCACION OBRERA | |
| 650 | 4 | _aPEDAGOGIA | |
| 650 | 4 | _aCLASES SOCIALES | |
| 650 | 4 | _aDIFERENCIACION SOCIAL | |
| 650 | 4 | _aEDUCACION ESPECIAL | |
| 651 | 4 | _aEuropa | |
| 651 | 4 | _aEspaña | |
| 653 | 0 | _aILUSTRACION | |
| 653 | 0 | _aEDUCACION POPULAR | |
| 653 | _aEDUCACION PUBLICA | ||
| 700 | 1 | _aVarela, Julia | |
| 800 | 1 |
_aAlvarez-Uria, Fernando _edirector |
|
| 800 | 1 |
_aVarela, Julia _edirector |
|
| 942 | _cBK | ||
| 998 | _csilvi | ||
| 999 |
_c10660 _d10660 |
||